Educación física bajo sol, lluvia y sombra : (Registro nro. 20151)
[ vista simple ]
| 000 -CABECERA | |
|---|---|
| campo de control de longitud fija | 01027nam a2200265 a 4500 |
| 001 - NÚMERO DE CONTROL | |
| campo de control | 000020647 |
| 003 - IDENTIFICADOR DEL NÚMERO DE CONTROL | |
| campo de control | OSt |
| 005 - FECHA Y HORA DE LA ÚLTIMA TRANSACCIÓN | |
| campo de control | 20201125103547.0 |
| 008 - DATOS DE LONGITUD FIJA--INFORMACIÓN GENERAL | |
| campo de control de longitud fija | 091006s2019 dr c 000 0 spa d |
| 020 ## - NÚMERO INTERNACIONAL ESTÁNDAR DEL LIBRO | |
| Número Internacional Estándar del Libro | 9789945614916 |
| 040 ## - FUENTE DE LA CATALOGACIÓN | |
| Centro catalogador/agencia de origen | DO-SdBNP |
| Lengua de catalogación | spa |
| Centro/agencia transcriptor | BNPHU |
| 082 ## - NÚMERO DE LA CLASIFICACIÓN DECIMAL DEWEY | |
| Número de clasificación | 796.0797293 |
| Número de documento/Ítem | V145e |
| Número de edición | 22 |
| 100 1# - ENTRADA PRINCIPAL--NOMBRE DE PERSONA | |
| Nombre de persona | Valdez Pérez, Antonio |
| 9 (RLIN) | 43383 |
| 245 10 - MENCIÓN DE TÍTULO | |
| Título | Educación física bajo sol, lluvia y sombra : |
| Resto del título | origen y evolución y desarrollo en República Dominicana / |
| Mención de responsabilidad, etc. | Antonio Valez Pérez ; prólogo Nelson Acevedo. |
| 260 ## - PUBLICACIÓN, DISTRIBUCIÓN, ETC. | |
| Lugar de publicación, distribución, etc. | Santo Domingo : |
| Nombre del editor, distribuidor, etc. | Santuario, |
| Fecha de publicación, distribución, etc. | 2019. |
| 300 ## - DESCRIPCIÓN FÍSICA | |
| Extensión | 149 p. ; : |
| Otras características físicas | il., retrs. ; |
| Dimensiones | 23 cm. |
| 500 ## - NOTA GENERAL | |
| Nota general | Incluye datos biográficos del autor en la solapa de la cubierta |
| 590 ## - NOTA LOCAL (RLIN) | |
| Nota local | Inventariado, 2020/VM |
| 650 #4 - PUNTO DE ACCESO ADICIONAL DE MATERIA--TÉRMINO DE MATERIA | |
| Término de materia o nombre geográfico como elemento de entrada | Educación física |
| Subdivisión general | Enseñanza |
| -- | Metodología |
| Subdivisión geográfica | República Dominicana |
| 9 (RLIN) | 43384 |
| 650 #4 - PUNTO DE ACCESO ADICIONAL DE MATERIA--TÉRMINO DE MATERIA | |
| Término de materia o nombre geográfico como elemento de entrada | Deportes |
| Subdivisión general | Enseñanza |
| 9 (RLIN) | 43385 |
| 650 #4 - PUNTO DE ACCESO ADICIONAL DE MATERIA--TÉRMINO DE MATERIA | |
| Término de materia o nombre geográfico como elemento de entrada | Educación física |
| Subdivisión general | Historia |
| Subdivisión geográfica | República Dominicana |
| 9 (RLIN) | 43386 |
| 700 1# - PUNTO DE ACCESO ADICIONAL--NOMBRE DE PERSONA | |
| Nombre de persona | Acevedo, Nelson |
| Término indicativo de función/relación | pról. |
| 9 (RLIN) | 43387 |
| 910 ## - DATOS DE OPCIÓN DEL USUARIO (OCLC) | |
| Datos de opción del usuario | VMateo |
| 942 ## - ELEMENTOS DE PUNTO DE ACCESO ADICIONAL (KOHA) | |
| Fuente del sistema de clasificación o colocación | Dewey Decimal Classification |
| Tipo de ítem Koha | Libro |
| Estado de retiro | Estado de pérdida | Fuente del sistema de clasificación o colocación | Restricciones de uso | No para préstamo | Código de colección | Localización permanente | Ubicación/localización actual | Ubicación en estantería | Fecha de adquisición | Fuente de adquisición | Número de inventario | Total de préstamos | Signatura topográfica completa | Código de barras | Fecha visto por última vez | Número de copia | Precio válido a partir de | Tipo de ítem Koha |
|---|---|---|---|---|---|---|---|---|---|---|---|---|---|---|---|---|---|---|
| Dewey Decimal Classification | Préstamo en sala | Dominicana de Servicio | Biblioteca Nacional Pedro Henríquez Ureña | General | Depósito | 13.03.2020 | Deposito Legal | BNPHU DS 796.0797293 V145e | 20647-30 | 25.06.2020 | e. 3 | 25.06.2020 | Libro y Folleto Colección Dominicana de Servicio | |||||
| Dewey Decimal Classification | Excluido de préstamo | Excluido de préstamo | Patrimonio Dominicano | Biblioteca Nacional Pedro Henríquez Ureña | Patrimonio Dominicano | Depósito | 13.03.2020 | Deposito Legal | BNPHU PD 796.0797293 V145e | 20647-10 | 25.06.2020 | 25.06.2020 | Libro y Folleto Colección Patrimonio Dominicano | |||||
| Dewey Decimal Classification | Excluido de préstamo | Préstamo restrigido | Patrimonio Dominicano | Biblioteca Nacional Pedro Henríquez Ureña | Patrimonio Dominicano | Depósito | 13.03.2020 | Deposito Legal | BNPHU PD 796.0797293 V145e | 20647-20 | 25.06.2020 | e. 2 | 25.06.2020 | Libro y Folleto Colección Patrimonio Dominicano |
